000 00545nam a22001577a 4500
003 0
005 20231107133102.0
008 231107b xxu||||| |||| 00| 0 eng d
050 _aBF 575
_b.Ac36 2023
100 _aAcosta, Catherine Franz B.
245 _aPerceived stress and coping styles of deployed army personnel in armor pambato division of Philippine army
_cAcosta, Catherine Franz B.
260 _aLas Pinas City
_bSouthville International School and Colleges
_cc2023.
300 _a273 p.
_c28cm.
500 _aStress.
942 _2lcc
_cTH
999 _c365590
_d365590